00515nam a22001577a 450000500170000001000150001702000260003203500140005803700130007208200160008510000180010124500780011926000600019727000800025730000200033720230317171024.0 aENG-135493 a9789350099780c599.00 aEN-119025 bDBAD/PUB a658.8270954 aKamath, Vinay aTitan :bInside India's Most Successful Consumer Brand /cBy Vinay Kamath aHariyanabHachette Book Publishing India Pvt. Ltdc2018 a4th & 5th Floors, Corporate Centre Plot No. 94, Sector 44bGurugrame122003 a187p.c22cm(hb)